Quiz Saint-André-des-Eaux (44) - Statistiques

Statistiques générales
  • Ce quiz a été pris 13 fois
  • Le résultat moyen est 6 sur 13
Statistiques - réponses
Question Réponse % Correct
Combien de monument classé à l'UNESCO possède elle ? 2
100%
Quel est le nom du marais qui se trouve sur son territoire ? La Brière
83%
Dans quel département se trouve Saint-André-des-Eaux ? Loire-Atlantique
83%
Comment appel on les habitants de Saint-André-des-Eaux ? Andréanais
67%
Quel est son code postale ? 44117
50%
A côté de quel ville se trouve Saint-André-des-Eaux ? Saint-Nazaire
50%
Quel est le nom de l'école public de Saint-André-des-Eaux ? Jules Ferry
33%
Quel est le nom du club de foot de Saint-André-des-Eaux ? Saint-André-Football
33%
Comment s'appel l'association des jeunes à Saint-André-des-Eaux ? AFJA
17%
Quel maire y est resté le plus longtemps au pouvoir ? Alain Donne
17%
Combien s'appel la fête qui se déroule chaque année au début du moi de Août en Brière ? Fête des chalands fleuris
17%
Quel est la devise de Saint-André-des-Eaux ? Entre mer et Brière, un coin de terre te sourit
0%
Quel symbole très célèbre se trouve sur son blason ? Hermine bretonne
0%
Aucun quiz correspondant
Distribution des résultats
% des personnes avec chaque résultat
Percentile par nombre de réponses
Votre historique - résultats
Vous n’avez pas pris ce quiz